[Event "20. Obert Int. Sant Marti 2018 - B"]
[Site "Barcelona ESP"]
[Date "2018.07.13"]
[Round "1.1"]
[White "Folch Brach, Jordi"]
[Black "Moravich, Juan"]
[Result "0-1"]
[WhiteElo "1644"]
[BlackElo "1949"]
[PlyCount "56"]
[EventDate "2018.07.13"]
[EventType "swiss"]
[EventRounds "9"]
[EventCountry "ESP"]
[SourceTitle "Ajedrez en Madrid"]
[Source "lmi"]
[SourceDate "2018.07.13"]
[SourceVersion "1"]
[SourceVersionDate "2019.06.21"]
[SourceQuality "1"]

1. d4 d5 2. Nf3 e6 3. Bf4 Bd6 4. Bxd6 Qxd6 5. e3 Qb4+ 6. Nc3 Qxb2 7. Kd2 Qb4 8.
Rb1 Qe7 9. Bd3 Nf6 10. Ne5 O-O 11. h3 c5 12. dxc5 Qxc5 13. Rb5 Qd6 14. f4 Nc6
15. Nxc6 bxc6 16. Rb3 e5 17. g3 d4 18. exd4 exf4 19. g4 Qxd4 20. Qf3 Be6 21.
Rbb1 Rad8 22. Rhf1 c5 23. Ne2 Qd6 24. Ke1 c4 25. Be4 Rfe8 26. Qxf4 Nxe4 27.
Qxe4 Qd2+ 28. Kf2 Bd5 0-1

[Event "20. Obert Int. Sant Marti 2018 - B"]
[Site "Barcelona ESP"]
[Date "2018.07.13"]
[Round "1.2"]
[White "Cano Sevilla, Ivan"]
[Black "Gonzalez Canovas, Sebastia"]
[Result "1-0"]
[WhiteElo "1948"]
[BlackElo "1639"]
[PlyCount "47"]
[EventDate "2018.07.13"]
[EventType "swiss"]
[EventRounds "9"]
[EventCountry "ESP"]
[SourceTitle "Ajedrez en Madrid"]
[Source "lmi"]
[SourceDate "2018.07.13"]
[SourceVersion "1"]
[SourceVersionDate "2019.06.21"]
[SourceQuality "1"]

1. d4 Nf6 2. Bf4 e6 3. Nf3 d5 4. e3 c5 5. c3 a6 6. Nbd2 Nc6 7. Bd3 cxd4 8. exd4
b5 9. Ne5 Bb7 10. a3 Rc8 11. Qe2 Qb6 12. h4 Na5 13. g4 g6 14. h5 Bg7 15. Qf3
Nc4 16. Rb1 Nxe5 17. Bxe5 Ke7 18. h6 Nd7 19. hxg7 Rhg8 20. g5 Nxe5 21. Qf6+ Kd7
22. dxe5 Ke8 23. Rxh7 Qd8 24. Rh8 1-0

[Event "20. Obert Int. Sant Marti 2018 - B"]
[Site "Barcelona ESP"]
[Date "2018.07.13"]
[Round "1.3"]
[White "Palau Soriano, Ricard"]
[Black "Planella Sanchez, Jordi"]
[Result "0-1"]
[WhiteElo "1637"]
[BlackElo "1945"]
[PlyCount "52"]
[EventDate "2018.07.13"]
[EventType "swiss"]
[EventRounds "9"]
[EventCountry "ESP"]
[SourceTitle "Ajedrez en Madrid"]
[Source "lmi"]
[SourceDate "2018.07.13"]
[SourceVersion "1"]
[SourceVersionDate "2019.06.21"]
[SourceQuality "1"]

1. e4 c5 2. Nf3 Nc6 3. d4 cxd4 4. Nxd4 a6 5. Nc3 e6 6. Be3 Nf6 7. a3 Be7 8. Bd3
O-O 9. O-O Qc7 10. Qe2 b5 11. Nxc6 dxc6 12. Bg5 e5 13. h3 Re8 14. Kh1 Bb7 15.
f4 h6 16. fxe5 hxg5 17. exf6 Bxf6 18. Qh5 g6 19. Qh6 Qe5 20. h4 gxh4 21. Rxf6
Qxf6 22. e5 Qh8 23. Qf4 Qxe5 24. Qf3 Qe3 25. Qf6 Re6 26. Qxh4 Kg7 0-1

[Event "20. Obert Int. Sant Marti 2018 - B"]
[Site "Barcelona ESP"]
[Date "2018.07.13"]
[Round "1.4"]
[White "Zaiats, Vladimir"]
[Black "Munoz Prior, Marcelo"]
[Result "1-0"]
[WhiteElo "1943"]
[BlackElo "1631"]
[PlyCount "33"]
[EventDate "2018.07.13"]
[EventType "swiss"]
[EventRounds "9"]
[EventCountry "ESP"]
[SourceTitle "Ajedrez en Madrid"]
[Source "lmi"]
[SourceDate "2018.07.13"]
[SourceVersion "1"]
[SourceVersionDate "2019.06.21"]
[SourceQuality "1"]

1. e4 g6 2. d4 Bg7 3. Nc3 a6 4. f4 d6 5. Nf3 Nd7 6. Bc4 b5 7. Bxf7+ Kf8 8. Bd5
Rb8 9. Ng5 Ndf6 10. Nf7 Qe8 11. Nxh8 Nxd5 12. exd5 Bxh8 13. O-O Nf6 14. f5 gxf5
15. Bh6+ Kf7 16. Qf3 Ng4 17. Qf4 1-0

[Event "20. Obert Int. Sant Marti 2018 - B"]
[Site "Barcelona ESP"]
[Date "2018.07.13"]
[Round "1.5"]
[White "Caballero Ortin, Jorge"]
[Black "Sumelzo Lozano, Jose"]
[Result "0-1"]
[WhiteElo "1628"]
[BlackElo "1941"]
[PlyCount "80"]
[EventDate "2018.07.13"]
[EventType "swiss"]
[EventRounds "9"]
[EventCountry "ESP"]
[SourceTitle "Ajedrez en Madrid"]
[Source "lmi"]
[SourceDate "2018.07.13"]
[SourceVersion "1"]
[SourceVersionDate "2019.06.21"]
[SourceQuality "1"]

1. d4 d5 2. Bf4 e6 3. e3 Bd6 4. Bg3 Nf6 5. Nf3 O-O 6. c4 b6 7. Nc3 Bb7 8. Rc1
Ne4 9. Bd3 Nxc3 10. bxc3 dxc4 11. Bxc4 Bxg3 12. hxg3 Qf6 13. Bd3 g6 14. e4 Nd7
15. Qa4 Rfd8 16. e5 Qe7 17. Qc2 c5 18. Qd2 Bxf3 19. gxf3 Rac8 20. Ke2 Nf8 21.
Be4 Qd7 22. Rhd1 cxd4 23. cxd4 Rxc1 24. Qxc1 Rc8 25. Qb2 Qa4 26. Ke3 Qa5 27.
Ke2 Nd7 28. Rd2 Qc3 29. Qb5 Qc4+ 30. Bd3 Qxb5 31. Bxb5 Rc7 32. Kd1 Kf8 33. f4
h5 34. d5 exd5 35. Rxd5 Ke7 36. a4 Nc5 37. a5 bxa5 38. Rd2 Ne4 39. Bd3 Nxd2 40.
Kxd2 Rd7 0-1

[Event "20. Obert Int. Sant Marti 2018 - B"]
[Site "Barcelona ESP"]
[Date "2018.07.13"]
[Round "1.6"]
[White "Molinero Martin, Joan"]
[Black "Siso Ribes, Genis Alfred"]
[Result "1-0"]
[WhiteElo "1939"]
[BlackElo "1626"]
[PlyCount "89"]
[EventDate "2018.07.13"]
[EventType "swiss"]
[EventRounds "9"]
[EventCountry "ESP"]
[SourceTitle "Ajedrez en Madrid"]
[Source "lmi"]
[SourceDate "2018.07.13"]
[SourceVersion "1"]
[SourceVersionDate "2019.06.21"]
[SourceQuality "1"]

1. e4 e5 2. Nf3 Nc6 3. Bc4 Bc5 4. c3 d6 5. b4 Bb6 6. a4 a6 7. Qb3 Qf6 8. d3 Bg4
9. Nbd2 Nge7 10. h3 Be6 11. Bxe6 Qxe6 12. Qxe6 fxe6 13. Nc4 Ba7 14. O-O Kd7 15.
Bb2 Ng6 16. b5 axb5 17. axb5 Nce7 18. d4 exd4 19. cxd4 Rhf8 20. Ra3 Bb6 21.
Nxb6+ cxb6 22. Rfa1 Rac8 23. Rc1 h6 24. Ra7 Rxc1+ 25. Bxc1 Kc7 26. Ba3 Rf4 27.
Nd2 d5 28. g3 Rf7 29. Ra8 Nc8 30. e5 Nge7 31. Kg2 Nf5 32. Nf3 g5 33. Bc1 Rg7
34. g4 Nfe7 35. Kg3 Rf7 36. h4 gxh4+ 37. Nxh4 h5 38. gxh5 Nf5+ 39. Nxf5 Rxf5
40. h6 Kd7 41. f3 Kc7 42. Kg4 Kd7 43. Bg5 Ne7 44. Bxe7 Kxe7 45. h7 1-0

[Event "20. Obert Int. Sant Marti 2018 - B"]
[Site "Barcelona ESP"]
[Date "2018.07.13"]
[Round "1.7"]
[White "Escofet Llongueras, Joan"]
[Black "Ramos Alvarez, Maximo"]
[Result "1-0"]
[WhiteElo "1623"]
[BlackElo "1939"]
[PlyCount "79"]
[EventDate "2018.07.13"]
[EventType "swiss"]
[EventRounds "9"]
[EventCountry "ESP"]
[SourceTitle "Ajedrez en Madrid"]
[Source "lmi"]
[SourceDate "2018.07.13"]
[SourceVersion "1"]
[SourceVersionDate "2019.06.21"]
[SourceQuality "1"]

1. c4 e5 2. Nc3 Bb4 3. Nd5 Bc5 4. e3 c6 5. d4 cxd5 6. dxc5 Qa5+ 7. Qd2 Qxc5 8.
Qxd5 Qe7 9. Nf3 Nc6 10. Bd2 e4 11. Nd4 Nf6 12. Qg5 Nxd4 13. exd4 O-O 14. Be2 b6
15. O-O Ba6 16. f3 Rfe8 17. Rae1 Qd6 18. Bc3 h6 19. Qh4 Rac8 20. c5 bxc5 21.
Bxa6 Qxa6 22. fxe4 d5 23. dxc5 Nxe4 24. Qf4 f6 25. Bd4 Qxa2 26. Qg4 Qc4 27. Be3
Nd2 28. Rf4 Ne4 29. Rff1 g5 30. h4 Rcd8 31. hxg5 Nxg5 32. Qxc4 dxc4 33. Rxf6
Kg7 34. Rd6 Rb8 35. c6 Rbc8 36. c7 Ne4 37. Rd7+ Kg6 38. Bxa7 Nf6 39. Rxe8 Rxe8
40. Rd8 1-0

[Event "20. Obert Int. Sant Marti 2018 - B"]
[Site "Barcelona ESP"]
[Date "2018.07.13"]
[Round "1.8"]
[White "Riera Danes, Manel"]
[Black "Moncunill Calvet, Pol"]
[Result "0-1"]
[WhiteElo "1938"]
[BlackElo "1621"]
[PlyCount "62"]
[EventDate "2018.07.13"]
[EventType "swiss"]
[EventRounds "9"]
[EventCountry "ESP"]
[SourceTitle "Ajedrez en Madrid"]
[Source "lmi"]
[SourceDate "2018.07.13"]
[SourceVersion "1"]
[SourceVersionDate "2019.06.21"]
[SourceQuality "1"]

1. e4 e5 2. Nf3 Nc6 3. Bb5 a6 4. Ba4 Nf6 5. O-O Be7 6. Re1 b5 7. Bb3 O-O 8. c3
d6 9. d3 Na5 10. Bc2 c5 11. Nbd2 Re8 12. Nf1 Bf8 13. Bg5 g6 14. Ne3 Bg7 15. h3
Qc7 16. Rc1 Bb7 17. Nh2 Nd7 18. b4 Nc6 19. Nd5 Qb8 20. bxc5 dxc5 21. Ng4 Nd8
22. c4 Ne6 23. Be3 f5 24. exf5 gxf5 25. Nh6+ Bxh6 26. Bxh6 Bxd5 27. cxd5 Ng7
28. Qf3 Rf8 29. Qg3 Rf7 30. Bb3 Qd6 31. Be3 f4 0-1

[Event "20. Obert Int. Sant Marti 2018 - B"]
[Site "Barcelona ESP"]
[Date "2018.07.13"]
[Round "1.9"]
[White "Ruiz Puerta, Jon Ander"]
[Black "Martinez Escribano, Jose Angel"]
[Result "0-1"]
[WhiteElo "1616"]
[BlackElo "1930"]
[PlyCount "78"]
[EventDate "2018.07.13"]
[EventType "swiss"]
[EventRounds "9"]
[EventCountry "ESP"]
[SourceTitle "Ajedrez en Madrid"]
[Source "lmi"]
[SourceDate "2018.07.13"]
[SourceVersion "1"]
[SourceVersionDate "2019.06.21"]
[SourceQuality "1"]

1. d4 Nf6 2. Nf3 g6 3. e3 Bg7 4. Bd3 d6 5. b3 O-O 6. Bb2 c5 7. O-O Nc6 8. a3 a6
9. c4 Qb6 10. Nbd2 Rd8 11. Qc2 Qc7 12. Rfe1 b6 13. h3 Bb7 14. d5 Ne5 15. e4 Nh5
16. Bf1 Rab8 17. Rab1 Bc8 18. Nxe5 dxe5 19. g3 Bd7 20. Bg2 e6 21. dxe6 Bxe6 22.
Nf1 f5 23. exf5 Bxf5 24. Qe2 Bxb1 25. Rxb1 Re8 26. Ne3 Nf6 27. Nd5 Nxd5 28.
Bxd5+ Kh8 29. Re1 e4 30. Bxg7+ Qxg7 31. Bxe4 Rbd8 32. Qc2 Rd4 33. Re2 Re5 34.
Bd5 Qe7 35. Rxe5 Qxe5 36. Kg2 Kg7 37. Qc3 Rxd5 38. Qf3 Rd7 39. Qc6 Qd6 0-1

[Event "20. Obert Int. Sant Marti 2018 - B"]
[Site "Barcelona ESP"]
[Date "2018.07.13"]
[Round "1.10"]
[White "Esteban Lupianez, Jose Miguel"]
[Black "Dominguez Diaz, Francisco"]
[Result "1-0"]
[WhiteElo "1735"]
[BlackElo "1319"]
[PlyCount "104"]
[EventDate "2018.07.13"]
[EventType "swiss"]
[EventRounds "9"]
[EventCountry "ESP"]
[SourceTitle "Ajedrez en Madrid"]
[Source "lmi"]
[SourceDate "2018.07.13"]
[SourceVersion "1"]
[SourceVersionDate "2019.06.21"]
[SourceQuality "1"]

1. e4 d6 2. Nf3 Nc6 3. Bc4 h6 4. d4 Bg4 5. Be3 Nf6 6. Nbd2 e6 7. c3 a6 8. Qc2
b5 9. Bd3 Be7 10. h3 Bh5 11. O-O O-O 12. Nh2 e5 13. d5 Na5 14. b4 Nb7 15. f4
Bg6 16. Nhf3 Nh5 17. f5 Bh7 18. Kh2 Bh4 19. Nxh4 Qxh4 20. Rf3 Qe7 21. g4 Nf4
22. Bxf4 exf4 23. Rxf4 Qf6 24. Nf3 Rae8 25. Rg1 g5 26. e5 dxe5 27. Re4 Nd6 28.
Re2 e4 29. Bxe4 Nxe4 30. Rxe4 Rxe4 31. Qxe4 Qxc3 32. h4 Qf6 33. hxg5 hxg5 34.
Ne5 Re8 35. Re1 Qe7 36. Nd7 Qxe4 37. Rxe4 Rxe4 38. Nf6+ Kg7 39. Nxe4 f6 40. Nc5
Bg8 41. Ne6+ Bxe6 42. fxe6 Kf8 43. Kg3 Ke7 44. Kf3 Kd6 45. Ke4 c6 46. dxc6 Kxe6
47. c7 Kd7 48. Kf5 Kxc7 49. Kxf6 Kd7 50. Kxg5 Ke7 51. Kh6 Kf8 52. Kh7 Kf7 1-0

[Event "20. Obert Int. Sant Marti 2018 - B"]
[Site "Barcelona ESP"]
[Date "2018.07.13"]
[Round "1.11"]
[White "Walter Travella, German"]
[Black "Bellpuig Mencos, Gerard"]
[Result "1-0"]
[WhiteElo "1924"]
[BlackElo "1606"]
[PlyCount "65"]
[EventDate "2018.07.13"]
[EventType "swiss"]
[EventRounds "9"]
[EventCountry "ESP"]
[SourceTitle "Ajedrez en Madrid"]
[Source "lmi"]
[SourceDate "2018.07.13"]
[SourceVersion "1"]
[SourceVersionDate "2019.06.21"]
[SourceQuality "1"]

1. e4 c5 2. Nc3 Nc6 3. Bb5 Nd4 4. Bc4 g6 5. Nf3 Bg7 6. Nxd4 cxd4 7. Qf3 e6 8.
Ne2 a6 9. a4 b6 10. c3 Qc7 11. d3 dxc3 12. bxc3 Bb7 13. Rb1 Bc6 14. Be3 b5 15.
axb5 Bxb5 16. Bxb5 axb5 17. O-O Ne7 18. Rxb5 O-O 19. Rfb1 Bxc3 20. Rc5 Qd6 21.
Rxc3 e5 22. Bc5 Qe6 23. Rb6 d6 24. Rxd6 Ra1+ 25. Rc1 Qa2 26. h4 Rc8 27. Kh2
Rxc1 28. Nxc1 Qc2 29. Be3 f5 30. exf5 Nxf5 31. Qd5+ Kf8 32. Rd7 Ne7 33. Qe6 1-0

[Event "20. Obert Int. Sant Marti 2018 - B"]
[Site "Barcelona ESP"]
[Date "2018.07.13"]
[Round "1.13"]
[White "Prats Safont, Sergi"]
[Black "Lahoz Bonaventura, Jordi"]
[Result "1-0"]
[WhiteElo "1918"]
[BlackElo "1597"]
[PlyCount "55"]
[EventDate "2018.07.13"]
[EventType "swiss"]
[EventRounds "9"]
[EventCountry "ESP"]
[SourceTitle "Ajedrez en Madrid"]
[Source "lmi"]
[SourceDate "2018.07.13"]
[SourceVersion "1"]
[SourceVersionDate "2019.06.21"]
[SourceQuality "1"]

1. e4 c5 2. Nf3 d6 3. d4 cxd4 4. Qxd4 Nc6 5. Qe3 a6 6. c4 Nf6 7. h3 Bd7 8. Nc3
e6 9. Be2 Nb4 10. Qd2 Be7 11. O-O O-O 12. b3 Qa5 13. a3 d5 14. exd5 exd5 15.
axb4 Qxa1 16. Bb2 Qxf1+ 17. Bxf1 Bxb4 18. cxd5 Rfd8 19. Qd4 Bf8 20. Ne4 Ne8 21.
Qb6 Bf5 22. Ng3 Bc2 23. Bc4 Rab8 24. Be5 Nd6 25. Nd4 f6 26. Ne6 Rd7 27. Nxf8
Nxc4 28. Qe6+ 1-0

[Event "20. Obert Int. Sant Marti 2018 - B"]
[Site "Barcelona ESP"]
[Date "2018.07.13"]
[Round "1.14"]
[White "Torres Ribe, Ricard"]
[Black "Morais Carreras, Javier"]
[Result "0-1"]
[WhiteElo "1593"]
[BlackElo "1913"]
[PlyCount "64"]
[EventDate "2018.07.13"]
[EventType "swiss"]
[EventRounds "9"]
[EventCountry "ESP"]
[SourceTitle "Ajedrez en Madrid"]
[Source "lmi"]
[SourceDate "2018.07.13"]
[SourceVersion "1"]
[SourceVersionDate "2019.06.21"]
[SourceQuality "1"]

1. e4 e5 2. Nf3 Nf6 3. Nxe5 d6 4. Nf3 Nxe4 5. d4 d5 6. Bd3 Nc6 7. c3 Be7 8. O-O
Bg4 9. Nbd2 f5 10. Qb3 Rb8 11. c4 Nxd2 12. Nxd2 Nxd4 13. Qa4+ Qd7 14. Qxa7 Nc6
15. Qe3 d4 16. Qe1 O-O 17. f3 Bh5 18. a3 Bd6 19. f4 Rbe8 20. Qf2 Re3 21. Bb1
Rfe8 22. Qh4 Be2 23. Re1 d3 24. b4 Be7 25. Qf2 Bf6 26. Ra2 Bd4 27. Kh1 Rf3 28.
Qh4 Bf2 29. Qg5 h6 30. Qh5 Rxf4 31. Nf3 Rxf3 32. gxf3 Bxe1 0-1

[Event "20. Obert Int. Sant Marti 2018 - B"]
[Site "Barcelona ESP"]
[Date "2018.07.13"]
[Round "1.15"]
[White "Palacios Pena, Gerardo"]
[Black "Ankit, Dalal"]
[Result "1/2-1/2"]
[WhiteElo "1905"]
[BlackElo "1591"]
[PlyCount "49"]
[EventDate "2018.07.13"]
[EventType "swiss"]
[EventRounds "9"]
[EventCountry "ESP"]
[SourceTitle "Ajedrez en Madrid"]
[Source "lmi"]
[SourceDate "2018.07.13"]
[SourceVersion "1"]
[SourceVersionDate "2019.06.21"]
[SourceQuality "1"]

1. d4 d5 2. Nf3 Nf6 3. Bf4 Bf5 4. e3 e6 5. c4 c6 6. Qb3 Qb6 7. Nc3 Nbd7 8. Be2
Be7 9. h3 h6 10. O-O O-O 11. Ne5 Nxe5 12. Bxe5 Qxb3 13. axb3 Nd7 14. Bg3 a6 15.
Rac1 Nf6 16. Rfe1 Rac8 17. c5 Ne4 18. Nxe4 Bxe4 19. b4 Bf6 20. Bd6 Rfe8 21. f4
Be7 22. Bxe7 Rxe7 23. Bf3 Bg6 24. Kf2 Rce8 25. g4 1/2-1/2

[Event "20. Obert Int. Sant Marti 2018 - B"]
[Site "Barcelona ESP"]
[Date "2018.07.13"]
[Round "1.16"]
[White "Pascual Gonzalez-Novelles, David"]
[Black "Lopez Manzano, Antonio"]
[Result "1-0"]
[WhiteElo "1587"]
[BlackElo "1900"]
[PlyCount "75"]
[EventDate "2018.07.13"]
[EventType "swiss"]
[EventRounds "9"]
[EventCountry "ESP"]
[SourceTitle "Ajedrez en Madrid"]
[Source "lmi"]
[SourceDate "2018.07.13"]
[SourceVersion "1"]
[SourceVersionDate "2019.06.21"]
[SourceQuality "1"]

1. e4 c5 2. c4 Nc6 3. Nf3 g6 4. d4 cxd4 5. Nxd4 Nf6 6. Nxc6 bxc6 7. Nc3 d6 8.
Bd3 Bg7 9. Rb1 O-O 10. O-O Be6 11. b3 Qc7 12. h3 Rfd8 13. Ne2 Bc8 14. Qc2 Bb7
15. Bf4 Nd7 16. b4 Ne5 17. Bh2 Qd7 18. f4 Nxd3 19. Qxd3 d5 20. c5 a5 21. e5
axb4 22. Rxb4 Ba6 23. Qc2 Bc4 24. a4 Ra5 25. Rfb1 Qa7 26. Kh1 Bxe2 27. Qxe2
Rxa4 28. Rb6 Ra2 29. Qe3 Qa4 30. Qd3 Ra8 31. R6b4 Qc2 32. Qxc2 Rxc2 33. Bg1
Raa2 34. g3 f6 35. e6 Bh6 36. Rb8+ Kg7 37. R1b7 g5 38. f5 1-0

[Event "20. Obert Int. Sant Marti 2018 - B"]
[Site "Barcelona ESP"]
[Date "2018.07.13"]
[Round "1.17"]
[White "Nadal Fajardo, Ricard"]
[Black "Martin Arranz, Lluis"]
[Result "1-0"]
[WhiteElo "1894"]
[BlackElo "1582"]
[PlyCount "139"]
[EventDate "2018.07.13"]
[EventType "swiss"]
[EventRounds "9"]
[EventCountry "ESP"]
[SourceTitle "Ajedrez en Madrid"]
[Source "lmi"]
[SourceDate "2018.07.13"]
[SourceVersion "1"]
[SourceVersionDate "2019.06.21"]
[SourceQuality "1"]

1. c4 e6 2. Nf3 Nf6 3. g3 b6 4. Bg2 Bb7 5. d3 Bb4+ 6. Bd2 Qe7 7. O-O O-O 8. Nc3
d5 9. Ne5 c5 10. a3 Bxc3 11. bxc3 Nc6 12. Nxc6 Bxc6 13. cxd5 exd5 14. c4 Rfd8
15. Re1 Rac8 16. Qb3 dxc4 17. Qxc4 Rd4 18. Qa6 Rdd8 19. Bg5 Bxg2 20. Kxg2 Rc7
21. a4 Qe6 22. Bxf6 Qxf6 23. a5 Qc6+ 24. Kg1 b5 25. Qxc6 Rxc6 26. a6 g6 27. Ra5
Rb8 28. Rb1 b4 29. Kf1 Rbb6 30. Rc1 b3 31. Rb1 c4 32. dxc4 Rxc4 33. Ke1 b2 34.
Kd2 Rd6+ 35. Ke3 Rc3+ 36. Kf4 Rb6 37. Ra2 Rb4+ 38. e4 Rc2 39. f3 Rxh2 40. g4 h6
41. Ra5 Rc2 42. Ra2 Kg7 43. Ke5 Rb3 44. f4 Rg2 45. f5 g5 46. Kd4 Rc2 47. e5
Rb4+ 48. Kd5 Rd2+ 49. Kc6 Rb6+ 50. Kc5 Kf8 51. Ra4 Rc2+ 52. Rc4 Rxc4+ 53. Kxc4
Rxa6 54. Rxb2 Ra4+ 55. Rb4 Ra1 56. Rb8+ Kg7 57. f6+ Kh7 58. e6 fxe6 59. f7 Rc1+
60. Kd4 Rd1+ 61. Ke5 Re1+ 62. Kd6 Rf1 63. f8=Q Rxf8 64. Rxf8 Kg7 65. Rf2 h5 66.
Kxe6 hxg4 67. Kf5 g3 68. Rg2 Kf7 69. Rxg3 Ke7 70. Ra3 1-0

[Event "20. Obert Int. Sant Marti 2018 - B"]
[Site "Barcelona ESP"]
[Date "2018.07.13"]
[Round "1.18"]
[White "Sanchez Coves, Juan Josep"]
[Black "Poyato Ruiz, Fernando"]
[Result "0-1"]
[WhiteElo "1580"]
[BlackElo "1894"]
[PlyCount "65"]
[EventDate "2018.07.13"]
[EventType "swiss"]
[EventRounds "9"]
[EventCountry "ESP"]
[SourceTitle "Ajedrez en Madrid"]
[Source "lmi"]
[SourceDate "2018.07.13"]
[SourceVersion "1"]
[SourceVersionDate "2019.06.21"]
[SourceQuality "1"]

1. e4 e6 2. d3 d5 3. Nd2 Nf6 4. Ngf3 Be7 5. g3 c5 6. Bg2 Nc6 7. O-O O-O 8. Re1
Re8 9. e5 Nd7 10. Nf1 f6 11. exf6 Nxf6 12. h4 Qc7 13. Ng5 Bd6 14. Kh2 h6 15.
Nh3 e5 16. Ne3 Be6 17. c4 d4 18. Nd5 Qf7 19. Nxf6+ Qxf6 20. Bd5 Bxd5 21. cxd5
Ne7 22. Qb3 b6 23. f4 Nf5 24. fxe5 Bxe5 25. Bf4 Bxf4 26. Nxf4 Nxh4 27. Re6 Rxe6
28. dxe6 Nf5 29. Qd5 Re8 30. Qd7 Qe7 31. Qd5 Ne3 32. Qh5 Rf8 33. Qe5 0-1

[Event "20. Obert Int. Sant Marti 2018 - B"]
[Site "Barcelona ESP"]
[Date "2018.07.13"]
[Round "1.19"]
[White "Perez Garcia, Jose Miguel"]
[Black "Aagam, Aditya E"]
[Result "1/2-1/2"]
[WhiteElo "1891"]
[BlackElo "1579"]
[PlyCount "108"]
[EventDate "2018.07.13"]
[EventType "swiss"]
[EventRounds "9"]
[EventCountry "ESP"]
[SourceTitle "Ajedrez en Madrid"]
[Source "lmi"]
[SourceDate "2018.07.13"]
[SourceVersion "1"]
[SourceVersionDate "2019.06.21"]
[SourceQuality "1"]

1. d4 Nf6 2. c4 e6 3. Nf3 b6 4. g3 Bb7 5. Bg2 Be7 6. O-O O-O 7. Nc3 d5 8. Ne5
Nbd7 9. Qa4 c6 10. Bf4 Nxe5 11. dxe5 Nd7 12. h4 Qc7 13. cxd5 cxd5 14. Rac1 Qd8
15. Rfd1 Nc5 16. Qc2 Qc8 17. Qb1 Qe8 18. e4 dxe4 19. Nxe4 Nxe4 20. Bxe4 Bxe4
21. Qxe4 Rc8 22. Qb7 Bc5 23. Qd7 Ra8 24. Qxe8 Rfxe8 25. Rd7 Red8 26. Rcd1 Rxd7
27. Rxd7 Kf8 28. Kf1 Ke8 29. Rb7 Bd4 30. b3 a6 31. Rc7 b5 32. Ke2 Rd8 33. Rc6
Ra8 34. f3 Bb2 35. Rc2 Ba3 36. h5 Kd7 37. Rd2+ Kc7 38. Be3 Be7 39. Rc2+ Kb7 40.
Kd3 Rc8 41. Rxc8 Kxc8 42. Bb6 Kb7 43. Bd4 Kc6 44. Ke4 Ba3 45. g4 Kd7 46. f4 Bb4
47. f5 Ba3 48. Be3 Bf8 49. Ba7 g6 50. a4 g5 51. Kd4 Kc6 52. Ke4 h6 53. Kd4 Be7
54. Ke4 Bf8 1/2-1/2

[Event "20. Obert Int. Sant Marti 2018 - B"]
[Site "Barcelona ESP"]
[Date "2018.07.13"]
[Round "1.20"]
[White "Cervera Lopez, Miguel"]
[Black "Melnik, Alexander"]
[Result "0-1"]
[WhiteElo "1578"]
[BlackElo "1882"]
[PlyCount "44"]
[EventDate "2018.07.13"]
[EventType "swiss"]
[EventRounds "9"]
[EventCountry "ESP"]
[SourceTitle "Ajedrez en Madrid"]
[Source "lmi"]
[SourceDate "2018.07.13"]
[SourceVersion "1"]
[SourceVersionDate "2019.06.21"]
[SourceQuality "1"]

1. e4 c5 2. Nc3 Nc6 3. Bc4 Nf6 4. d3 g6 5. Nf3 Bg7 6. Bf4 Qb6 7. Rb1 d6 8. O-O
O-O 9. Qd2 Bg4 10. Nh4 e5 11. Bh6 Nd4 12. Bxg7 Kxg7 13. h3 Be6 14. Nf5+ Nxf5
15. exf5 Bxf5 16. g4 Be6 17. g5 Nh5 18. Nd5 Qc6 19. Ne3 Qf3 20. Bxe6 fxe6 21.
h4 Rf4 22. Qd1 Qh3 0-1

[Event "20. Obert Int. Sant Marti 2018 - B"]
[Site "Barcelona ESP"]
[Date "2018.07.13"]
[Round "1.21"]
[White "Morales Rubiella, Albert"]
[Black "Diaz Rendon, Nicoll"]
[Result "0-1"]
[WhiteElo "1396"]
[BlackElo "1760"]
[PlyCount "96"]
[EventDate "2018.07.13"]
[EventType "swiss"]
[EventRounds "9"]
[EventCountry "ESP"]
[SourceTitle "Ajedrez en Madrid"]
[Source "lmi"]
[SourceDate "2018.07.13"]
[SourceVersion "1"]
[SourceVersionDate "2019.06.21"]
[SourceQuality "1"]

1. e4 c5 2. Nf3 Nc6 3. d4 cxd4 4. Nxd4 g6 5. Be3 Bg7 6. Be2 Nf6 7. Nc3 O-O 8.
O-O d6 9. Qd2 a6 10. h3 Bd7 11. Rad1 Rc8 12. f4 Nxd4 13. Bxd4 Be6 14. f5 Bc4
15. fxg6 fxg6 16. e5 dxe5 17. Bxe5 Qa5 18. Bxc4+ Rxc4 19. Bxf6 exf6 20. Qd5+
Qxd5 21. Rxd5 f5 22. Rd3 Re8 23. Rfd1 Bxc3 24. Rxc3 Rxc3 25. bxc3 Re2 26. Rd8+
Kf7 27. Rd7+ Re7 28. Rxe7+ Kxe7 29. Kf2 Kd6 30. Ke3 Kd5 31. Kd3 b5 32. g3 g5
33. c4+ bxc4+ 34. Ke3 Ke5 35. c3 f4+ 36. gxf4+ gxf4+ 37. Kf3 h5 38. a3 a5 39.
a4 Kf5 40. h4 Ke5 41. Kf2 Ke4 42. Ke2 f3+ 43. Kd2 f2 44. Ke2 f1=Q+ 45. Kxf1 Kd3
46. Kf2 Kxc3 47. Ke3 Kb2 48. Kf4 c3 0-1

[Event "20. Obert Int. Sant Marti 2018 - B"]
[Site "Barcelona ESP"]
[Date "2018.07.13"]
[Round "1.22"]
[White "Ishaan, Bansal"]
[Black "San Isidoro Castillo, Josep"]
[Result "1-0"]
[WhiteElo "1759"]
[BlackElo "1377"]
[PlyCount "57"]
[EventDate "2018.07.13"]
[EventType "swiss"]
[EventRounds "9"]
[EventCountry "ESP"]
[SourceTitle "Ajedrez en Madrid"]
[Source "lmi"]
[SourceDate "2018.07.13"]
[SourceVersion "1"]
[SourceVersionDate "2019.06.21"]
[SourceQuality "1"]

1. d4 Nf6 2. Bf4 d6 3. Nf3 Nbd7 4. Nc3 b6 5. e4 Bb7 6. Bd3 g6 7. Qd2 Bg7 8. Bh6
O-O 9. h4 e5 10. dxe5 Nxe5 11. Nxe5 dxe5 12. O-O-O Qe7 13. f3 Rfd8 14. g4 c5
15. h5 c4 16. Bxg7 Kxg7 17. hxg6 fxg6 18. Qh6+ Kh8 19. Bxc4 Rxd1+ 20. Nxd1 Qg7
21. Qh2 Ne8 22. Ne3 Rd8 23. Bd5 Ba6 24. g5 Nc7 25. Ng4 Nxd5 26. exd5 Rxd5 27.
Nf6 Rd7 28. Qxe5 Rb7 29. Qe8+ 1-0

[Event "20. Obert Int. Sant Marti 2018 - B"]
[Site "Barcelona ESP"]
[Date "2018.07.13"]
[Round "1.23"]
[White "Fernandez Egea, Andres"]
[Black "Arias Aranda, Guillem"]
[Result "1-0"]
[WhiteElo "1876"]
[BlackElo "1576"]
[PlyCount "35"]
[EventDate "2018.07.13"]
[EventType "swiss"]
[EventRounds "9"]
[EventCountry "ESP"]
[SourceTitle "Ajedrez en Madrid"]
[Source "lmi"]
[SourceDate "2018.07.13"]
[SourceVersion "1"]
[SourceVersionDate "2019.06.21"]
[SourceQuality "1"]

1. e4 d6 2. d4 Nf6 3. Nc3 e5 4. Nge2 Nbd7 5. f3 c6 6. Be3 Nb6 7. Qd3 Be6 8. b3
Qc7 9. a4 a5 10. g4 Rd8 11. Ng3 g6 12. g5 Nfd7 13. f4 exf4 14. Bxf4 Bg7 15.
O-O-O O-O 16. h4 c5 17. Nb5 Qc6 18. d5 1-0